000 00365nam a2200157Ia 4500
003 Ost
005 20260225132549.0
008 260225s9999||||xx |||||||||||||| ||und||
040 _cfsic
041 _afre
082 _a440
100 _aChabaine ouahioune
_eAuteur
245 0 _aRedonnée avec ait menguellet /
245 0 _cChabaine ouahioune
942 _cكتاب
999 _c34020
_d34020